Album rap français #4 - Statistiques

Statistiques générales
  • Ce quiz a été pris 107 fois
  • Le résultat moyen est 14 sur 16
Statistiques - réponses
Par images Réponse % Correct
Gradur
100%
Niro
100%
Zola
99%
Uzi
98%
Timal
96%
Mister You
95%
Gambi
94%
Koba LaD
94%
Brulux
89%
Landy
88%
Laylow
88%
Moha La Squale
85%
YL
85%
Dinor
84%
Hooss
76%
Chicaille Argenté
64%
Aucun quiz correspondant
Distribution des résultats
% des personnes avec chaque résultat
Percentile par nombre de réponses
Votre historique - résultats
Vous n’avez pas pris ce quiz